Housing Review (Record no. 118574)
[ view plain ]
| 000 -LEADER | |
|---|---|
| fixed length control field | 00664cas a22002295a 4500 |
| 001 - CONTROL NUMBER | |
| control field | L277 |
| 008 - FIXED-LENGTH DATA ELEMENTS--GENERAL INFORMATION | |
| fixed length control field | 070702d1998xxkbr p 0 a0eng |
| 022 1# - INTERNATIONAL STANDARD SERIAL NUMBER | |
| International Standard Serial Number | 0018-6651 |
| 035 ## - SYSTEM CONTROL NUMBER | |
| System control number | (Sirsi) u98906 |
| 041 0# - LANGUAGE CODE | |
| Language code of text/sound track or separate title | eng |
| 110 2# - MAIN ENTRY--CORPORATE NAME | |
| Corporate name or jurisdiction name as entry element | Housing Centre Trust |
| 9 (RLIN) | 2258 |
| 245 ## - TITLE STATEMENT | |
| Title | Housing Review |
| 260 ## - PUBLICATION, DISTRIBUTION, ETC. | |
| Place of publication, distribution, etc. | London |
| Name of publisher, distributor, etc. | Housing Centre Trust |
| Date of publication, distribution, etc. | [19-?]- |
| 350 ## - PRICE (NR) (BK AM CF MU VM SE) [OBSOLETE] | |
| Price | 0 |
| 362 0# - DATES OF PUBLICATION AND/OR SEQUENTIAL DESIGNATION | |
| Dates of publication and/or sequential designation | 37(1) January/February 1988-47(1) January/February 1998 |
| 554 ## - | |
| -- | Six per year |
| 651 #4 - SUBJECT ADDED ENTRY--GEOGRAPHIC NAME | |
| Geographic name | United Kingdom |
| Chronological subdivision | |
| 690 ## - LOCAL SUBJECT ADDED ENTRY--TOPICAL TERM (OCLC, RLIN) | |
| Topical term or geographic name as entry element | PROPERTY-RESIDENTIAL PROPERTY-DOMESTIC RESIDENTIAL PROPERTY-HOUSING |
| 785 00 - SUCCEEDING ENTRY | |
| Title | Housing and Planning Review |
| International Standard Serial Number | 0018-6651 |
| 942 ## - ADDED ENTRY ELEMENTS (KOHA) | |
| Suppress in OPAC | 0 |
| 948 ## - LOCAL PROCESSING INFORMATION (OCLC); SERIES PART DESIGNATOR (RLIN) | |
| c (OCLC) | 18/08/1994 |
| Withdrawn status | Lost status | Source of classification or shelving scheme | Damaged status | Not for loan | Home library | Current library | Shelving location | Date acquired | Total Checkouts | Full call number | Barcode | Date last seen | Price effective from | Koha item type |
|---|---|---|---|---|---|---|---|---|---|---|---|---|---|---|
| Other/Generic Classification Scheme | London | London | Gallery | 02/07/2007 | AXIS | 98906-1001 | 06/08/2019 | 06/08/2019 | Journal |